<?xml version="1.0" encoding="UTF-8"?><?xml-stylesheet type="text/xsl" href="static/style.xsl"?><OAI-PMH xmlns="http://www.openarchives.org/OAI/2.0/" xmlns:xsi="http://www.w3.org/2001/XMLSchema-instance" xsi:schemaLocation="http://www.openarchives.org/OAI/2.0/ http://www.openarchives.org/OAI/2.0/OAI-PMH.xsd"><responseDate>2026-04-17T01:45:53Z</responseDate><request verb="GetRecord" identifier="oai:www.recercat.cat:2117/341564" metadataPrefix="marc">https://recercat.cat/oai/request</request><GetRecord><record><header><identifier>oai:recercat.cat:2117/341564</identifier><datestamp>2025-07-23T03:59:34Z</datestamp><setSpec>com_2072_1033</setSpec><setSpec>col_2072_452951</setSpec></header><metadata><record xmlns="http://www.loc.gov/MARC21/slim" xmlns:dcterms="http://purl.org/dc/terms/" xmlns:xsi="http://www.w3.org/2001/XMLSchema-instance" xmlns:doc="http://www.lyncode.com/xoai" xsi:schemaLocation="http://www.loc.gov/MARC21/slim http://www.loc.gov/standards/marcxml/schema/MARC21slim.xsd">
   <leader>00925njm 22002777a 4500</leader>
   <datafield ind2=" " ind1=" " tag="042">
      <subfield code="a">dc</subfield>
   </datafield>
   <datafield ind2=" " ind1=" " tag="720">
      <subfield code="a">Tabares Arango, Alejandro</subfield>
      <subfield code="e">author</subfield>
   </datafield>
   <datafield ind2=" " ind1=" " tag="260">
      <subfield code="c">2021-02-15</subfield>
   </datafield>
   <datafield ind2=" " ind1=" " tag="520">
      <subfield code="a">En este trabajo de fin de máster se desarrolla una reflexión con mirada crítica al proyecto de espacio público como mecanismo de regeneración urbana, situando el ámbito de estudio en el centro de Medellín, entre 1995 y 2019. &#xd;
El centro de Medellín es un territorio caracterizado por su valor de centralidad histórica, geográfica, económica, simbólica y funcional. Este ha afrontado procesos constantes de destrucción y reconstrucción bajo lógicas diversas, llevando a su paulatino deterioro físico, funcional y a la pérdida de valor como centralidad.&#xd;
Frente a esto se han planteado objetivos de regeneración urbana desde los años 60 del siglo XX. Pero es en los años 90 que se emprende una serie de intervenciones encaminadas a este propósito. Esta investigación avanza en identificar los aportes y limitaciones de los proyectos de espacio público ejecutados, en el marco de planes y políticas de regeneración urbana en los últimos 25 años.&#xd;
En primera instancia se presenta un marco teórico de referencia de los conceptos principales a abordar. Estos son el espacio público y el proyecto, las cuestiones sobre regeneración urbana con acento en los aspectos físico-espaciales y la noción de centralidad.&#xd;
Sigue un recorrido general por la historia del crecimiento, consolidación y declive del centro, para dar paso al análisis de los planes de regeneración y los proyectos de espacio público, sobre los que se presenta un amplio estudio descriptivo y crítico incluido.&#xd;
Los proyectos se sitúan en sus contextos espaciales y temporales, y se analizan por medio de textos, cartografías y fotografías, haciendo énfasis en cuestiones de diseño, integración con el tejido y las infraestructuras, los usos y el verde.&#xd;
Finalmente, cruzando enfoques, criterios y estrategias agrupadas en tres periodos, se expondrán los aportes y limitaciones que los proyectos de espacio público han tenido en la regeneración del centro de Medellín.</subfield>
   </datafield>
   <datafield ind2=" " ind1=" " tag="520">
      <subfield code="a">Award-winning</subfield>
   </datafield>
   <datafield tag="653" ind2=" " ind1=" ">
      <subfield code="a">Àrees temàtiques de la UPC::Urbanisme::Planejament urbà</subfield>
   </datafield>
   <datafield tag="653" ind2=" " ind1=" ">
      <subfield code="a">Àrees temàtiques de la UPC::Urbanisme::Ordenació del territori</subfield>
   </datafield>
   <datafield tag="653" ind2=" " ind1=" ">
      <subfield code="a">City planning -- Colombia -- Medellín</subfield>
   </datafield>
   <datafield tag="653" ind2=" " ind1=" ">
      <subfield code="a">Cities and towns -- Growth -- Colombia -- Medellín</subfield>
   </datafield>
   <datafield tag="653" ind2=" " ind1=" ">
      <subfield code="a">Public spaces -- Colombia -- Medellín</subfield>
   </datafield>
   <datafield tag="653" ind2=" " ind1=" ">
      <subfield code="a">Proyecto de espacio público</subfield>
   </datafield>
   <datafield tag="653" ind2=" " ind1=" ">
      <subfield code="a">Centralidad</subfield>
   </datafield>
   <datafield tag="653" ind2=" " ind1=" ">
      <subfield code="a">Regeneración urbana</subfield>
   </datafield>
   <datafield tag="653" ind2=" " ind1=" ">
      <subfield code="a">Medellín</subfield>
   </datafield>
   <datafield tag="653" ind2=" " ind1=" ">
      <subfield code="a">Urbanisme -- Colòmbia -- Medellín</subfield>
   </datafield>
   <datafield tag="653" ind2=" " ind1=" ">
      <subfield code="a">Desenvolupament urbà -- Colòmbia -- Medellín</subfield>
   </datafield>
   <datafield tag="653" ind2=" " ind1=" ">
      <subfield code="a">Espais públics -- Colòmbia -- Medellín</subfield>
   </datafield>
   <datafield ind2="0" ind1="0" tag="245">
      <subfield code="a">Aportes del proyecto de espacio público a la regeneración urbana: el caso del centro de Medellín 1995-2019</subfield>
   </datafield>
</record></metadata></record></GetRecord></OAI-PMH>